000 01574cam a22002295a 4500
001 L159181
008 150702s2016 xxk f 000 0 eng d
035 _a(Sirsi) u159181
041 0 _aeng
110 2 _aNational Audit Office
_94918
245 0 0 _aDelivering major projects in government
_ba briefing for the Committee of Public Accounts
_h[electronic resource]
260 _aLondon
_bNational Audit Office
_c2016
505 2 _aKey facts -- Summary -- The challenge of delivering projects in government -- Recent performance -- Improving performance -- Our audit approach -- Our evidence base -- National Audit Office and Committee of Public Accounts reports referenced in the report
520 _aReports on measures to improve the delivery of major government projects. These include major service reforms, ICT projects and infrastructure and construction projects. There have been initiatives designed to improve the oversight and delivery of projects but their impact is unclear, and it is of particular concern that a third of projects due to deliver in the next five years are rated as being in doubt or unachievable if action is not taken to improve delivery.
590 _aKA
650 2 4 _aPUBLIC ACCOUNTS COMMITTEE
650 2 4 _aGOVERNMENT CONSTRUCTION PROJECTS
651 4 _aENGLAND AND WALES
690 _aProject management
_96261
856 4 0 _uhttps://www.nao.org.uk/wp-content/uploads/2016/01/Delivering-major-projects-in-government-a-briefing-for-the-Committee-of-Public-Accounts.pdf
_zView the report free of charge at www.nao.org.uk
942 _n0
999 _c115723
_d115723